San Jose Sharks Quiz - Statistics

General Stats
  • This quiz has been taken 114 times
    82 since last reset
  • The average score is 7 of 15
Answer Stats
Question Answer % Correct
Who was the player the Sharks chose with the 205th overall pick in the 7th Rd in 2003 Joe Pavelski
82%
Who are the Top 3 all time point leaders in Sharks History Marleau, Thornton, Pavelski
79%
True or False: After the 2022-23 season, Erik Karlsson won his third career Norris Trophy after scoring 101 points in 82 games True
66%
Which one of these Goalies wasn't drafted by the Sharks All of them were drafted by SJ
55%
Fill in the Blank: "Stone gave the puck back to Erik Karlsson, Karlsson comes in, heres _________. HE SCOOORRREEEESSSSS!!!!!!!!!!!!!" Barclay Goodrow
53%
What was the first Sharks arena/stadium called? Cow Palace
50%
When did the Sharks win the Presidents trophy 2008-09
47%
True or False: In their 32 years of existence, they have been to the playoffs more than they've missed the playoffs True
47%
Which one of these players wasn't a part of the Trade involving Erik Karlsson Antti Suomela
42%
When were the Sharks first year of Existence 1991-92
39%
Which San Jose Shark won the Maurice Richard Trophy back in 2005-06? Jonathan Cheechoo
39%
Who were the Sharks first ever Draft pick (Not the Expansion Draft) Pat Falloon
37%
Who scored the "Controversal Goal" in the 2019 Confrence Finals against the Blues with the Erik Karlsson Hand Pass Timo Meier
37%
How many players on the 100 Greatest Players list have played on the Sharks 1
34%
Which one of these players wasn't drafted by the Sharks Patrick Maroon
29%
No matching quizzes found
Score Distribution
Percent of People with Each Score
Percentile by Number Answered
Your Score History
You have not taken this quiz since the last reset